LEADER 00993nam1 2200277 450 001 000036038 005 20180620101211.0 100 $a20140303d--------km-y0itaa50------ba 101 0 $aita 102 $aIT 200 1 $a<> insetti$eloro organizzazione, sviluppo, abitudini e rapporti coll'uomo$fAntonio Berlese 210 $aMilano$cSocietā editrice libraria 215 $aVolumi$cill.$d30 cm. 463 \1$1001000036040$12001 $aEmbriologia e morfologia 463 \1$1001000036042$12001 $aVita e costumi$econ particolare riguardo agli insetti praticamente interessanti 606 1 $aInsetti 676 $a595.7$v(22. ed.)$9Insecta (Insetti) 700 1$aBerlese,$bAntonio$f<1863-1927>$070245 801 0$aIT$bUniversitā della Basilicata - B.I.A.$gREICAT$2unimarc 912 $a000036038 996 $aInsetti$9101251 997 $aUNIBAS CAT $aSTD094$b01$c20140303$lBAS01$h1029 CAT $aTTM$b30$c20140312$lBAS01$h1439 CAT $aATR$b20$c20180620$lBAS01$h1012 FMT LEADER 01557nam0 22003133i 450 001 RMS1571571 005 20231121125809.0 100 $a20190201d1986 ||||0itac50 ba 101 | $aita 102 $ait 181 1$6z01$ai $bxxxe 182 1$6z01$an 200 1 $aCLUUIAE-Interpromium-Sulmo-Corfinium-Superaequum-Peltuinum-Aveia-Marruium-Supin um vicus-AlbaFucens-Carsioli-Amiternum-Interocrium$eRegio IV$fintroduzione, edizione, commento a cura di G. Giacomo Pani 210 $aBari$cEdipuglia$d1986 215 $a66 p.$cill:$d22 cm 225 | $aInscriptiones Christianae italiae, 3 410 0$1001RMS1571579$12001 $aInscriptiones Christianae italiae, 3 606 $aIscrizioni cristiane$xLingua latina$xAbruzzo antico$2FIR$3RMLC457694$9N 676 $a411.7$9Sistemi di scrittura delle forme standard delle lingue. Paleografia ed epigrafia.$v22 676 $a937.73$9Storia del mondo antico, fino al 499. Penisola italiana e territori limitrofi, fino al 476. Samnium (Abruzzo antico).$v22 702 1$aPani$b, G. Giacomo$3UFIV089202 801 3$aIT$bIT-01$c20190201 850 $aIT-FR0017 899 $aBiblioteca umanistica Giorgio Aprea$bFR0017 $eN 912 $aRMS1571571 950 0$aBiblioteca umanistica Giorgio Aprea$d 52DLM E /23 /$e 52DUP0009020485 VMB RS $fA $h20190201$i20190201 977 $a 52 996 $aCLUUIAE-Interpromium-Sulmo-Corfinium-Superaequum-Peltuinum-Aveia-Marruium-Supin um vicus-AlbaFucens-Carsioli-Amiternum-Interocrium$93635067 997 $aUNICAS